00534nam a2200133Ia 4500008004100000020001800041100001800059245010100077260002200178440003100200650001700231650010700248856004500355171212s9999 xx 000 0 und d a9781921536106 aRajah, Ananda cRajah, AnandaaRemaining KarenbA Study of Cultural Reproduction and the Maintenance of Identity bANU E Pressc2008 aMonographs in Anthropology aAnthropology aSgaw Karen (Southeast Asian people) -- Ethnic identity; Ethnology -- Thailand -- Chiang Mai (Province) uwww.jstor.org/stable/10.2307/j.ctt24h2pw